000 01882nam a22004091i 4500
001 ebr10756360
003 CaPaEBR
006 m o d
007 cr cn|||||||||
008 120521s2012 nyu ob 001 0 eng d
020 _z1576593363 (alk. paper)
020 _z1576593525
020 _z9781576593363 (alk. paper)
020 _a9781576593523 (e-book)
040 _aCaPaEBR
_beng
_erda
_epn
_cCaPaEBR
035 _a(OCoLC)861528417
050 1 4 _aB765.D74
_bI55 2012eb
082 0 4 _a171/.2092
_223
100 1 _aIngham, Mary Beth,
_d1951-
245 1 4 _aThe harmony of goodness :
_bmutuality and moral living according to John Duns Scotus /
_cMary Beth Ingham.
250 _aNew edition.
264 1 _aSt. Bonaventure, New York :
_bFranciscan Institute Publications,
_c2012.
300 _a1 online resource (240 pages)
336 _atext
_2rdacontent
337 _acomputer
_2rdamedia
338 _aonline resource
_2rdacarrier
504 _aIncludes bibliographical references (pages 225-231) and indexes.
588 _aDescription based on print version record.
590 _aElectronic reproduction. Palo Alto, Calif. : ebrary, 2013. Available via World Wide Web. Access may be limited to ebrary affiliated libraries.
600 1 0 _aDuns Scotus, John,
_dapproximately 1266-1308
_xEthics.
650 0 _aChristian ethics
_xHistory
_yMiddle Ages, 600-1500.
650 0 _aEthics, Medieval.
655 0 _aElectronic books.
776 0 8 _iPrint version:
_aIngham, Mary Beth.
_tHarmony of goodness : mutuality and moral living according to John Duns Scotus.
_dSt. Bonaventure, New York : Franciscan Institute Publications, 2012
_h237 pages ; 23 cm.
_z9781576593363
_w(OCoLC)794306381
_w(DLC) 2012016204
797 2 _aebrary.
856 4 0 _uhttp://site.ebrary.com/lib/rucke/Doc?id=10756360
_zAn electronic book accessible through the World Wide Web; click to view
999 _c118408
_d118408